The Great Chicago Fire of 1871 /

Discover the story of the Great Chicago Fire of 1871, an inferno that forever changed the city's skyline, in this epic graphic novel! Dramatic illustrations and fast-paced text provide a "you-are-there" experience. With extensive back matter, including a bibliography, extended reading...

Full description

Bibliographic Details
Corporate Author: Library Pass, LLC
Other Authors: Olson, Kay Melchisedech (writer.)
Format: eBook
Language:English
Published: [United States] : Capstone, 2020.
Subjects:
Online Access:Connect to this electronic book (First time users create your free account)

MARC

Tag First Indicator Second Indicator Subfields
LEADER 00000nmm a22000001a 4500
001 in00004626558
006 m|||||o||m||||||||
007 cr|cn |||uuuuu
008 221118s2020 xxu||||co|||| ||||||eng d
005 20221207221429.5
035 |a (TxWaIVM)IV79472CaTh 
040 |a TxWaIVM  |c TxWaIVM 
245 0 4 |a The Great Chicago Fire of 1871 /  |c powered by Library Pass. 
260 3 |a [United States] :  |b Capstone,  |c 2020. 
300 |a 1 online resource. 
336 |a text  |b txt  |2 rdacontent 
337 |a computer  |b c  |2 rdamedia 
338 |a online resource  |b cr  |2 rdacarrier 
520 |a Discover the story of the Great Chicago Fire of 1871, an inferno that forever changed the city's skyline, in this epic graphic novel! Dramatic illustrations and fast-paced text provide a "you-are-there" experience. With extensive back matter, including a bibliography, extended reading list, glossary, and further Internet sources, young readers will gobble up this action-packed comic book about one of history's most compelling disasters. 
521 |a 5 
538 |a Requires a valid library card and registration for new users. 
538 |a Mode of access: World Wide Web. 
538 |a System requirements: Flash 10.1 or higher, Windows XP and higher, Internet Explorer 7 and higher, Firefox 3.6 and higher, Google Chrome; Max OS 10.5 and higher, Safari 4 and higher. 
650 0 |a Comic books, strips, etc. 
655 7 |a Electronic books.  |2 local 
655 7 |a Comic books, strips, etc.  |2 gsafd 
650 0 |a Comic books, strips, etc. --History 
655 7 |a Comic books, strips, etc. --History  |2 gsafd 
650 0 |a Comic books, strips, etc. --Creative nonfiction 
655 7 |a Comic books, strips, etc. --Creative nonfiction  |2 gsafd 
650 0 |a S.T.E.M./S.T.E.A.M. 
655 7 |a S.T.E.M./S.T.E.A.M.  |2 gsafd 
650 0 |a Reference 
655 7 |a Reference  |2 gsafd 
700 1 |a Olson, Kay Melchisedech.  |e writer. 
700 1 |a III, Charles Barnett.  |e artist. 
700 1 |a Miller , Phil.  |e artist. 
710 2 |a Library Pass, LLC. 
856 4 0 |u http://proxy.library.tamu.edu/login?url=https://tamu.librarypass.com/product/com.iversecomics.capstone.the.great.chicago.fire.of.1871.english.10092020  |z Connect to this electronic book (First time users create your free account)  |t 0 
955 |a Comics Plus. 
999 f f |s b35872ee-4f36-4f24-815a-352dc7c765e8  |i 7edea029-3f6c-4579-96b1-2f019a9bdf24  |t 0 
952 f f |a Texas A&M University  |b College Station  |c Electronic Resources  |d Available Online  |t 0  |h Library of Congress classification 
998 f f |t 0  |l Available Online